Diseño del sistema de gestión de riesgos en la Municipalidad de Curridabat para la mejora de la gestión y prevención de emergencias y desastres
Uloženo v:
| Hlavní autor: | |
|---|---|
| Další autoři: | , , |
| Médium: | Kniha |
| Jazyk: | Spanish |
| Vydáno: |
[San José, Costa Rica]
2021
|
| Témata: | |
| Tagy: |
Přidat tag
Žádné tagy, Buďte první, kdo vytvoří štítek k tomuto záznamu!
|
MARC
| LEADER | 00000nam a2200000Ia 4500 | ||
|---|---|---|---|
| 003 | 013805 | ||
| 005 | 20240318082713.0 | ||
| 008 | 140114s2021 cr a 000 ||spa d | ||
| 040 | |c cru CEDI | ||
| 100 | |a González Ávila, Gabriela María, 1995- |9 2674 | ||
| 245 | |a Diseño del sistema de gestión de riesgos en la Municipalidad de Curridabat para la mejora de la gestión y prevención de emergencias y desastres | ||
| 260 | |a [San José, Costa Rica] |c 2021 | ||
| 500 | |a Proyecto de graduación (licenciatura en ingeniería industrial)--Universidad de Costa Rica. Facultad de Ingeniería. Escuela de Ingeniería Industrial | ||
| 501 | |a Directora de Proyecto de Graduación: Inga. Patricia Ramírez Barrantes | ||
| 610 | 0 | |a MUNICIPALIDAD DE CURRIDABAT (SAN JOSE, COSTA RICA) |9 2677 | |
| 650 | |x ADMINISTRACION DE RIESGOS | ||
| 700 | |a Rodríguez Singer, Micaela, 1996- |9 2676 | ||
| 700 | |a Montiel Hernández, David Josué, 1996- |9 2675 | ||
| 700 | |a Ramírez Barrantes, Patricia, 1962- |d Directora del TFG |9 1264 | ||
| 942 | |c TFG |h TFG 8946 |i 013805 |6 TFG_8946_013805000000000 | ||
| 999 | |c 12787 |d 12787 | ||
